<?xml version="1.0" encoding="UTF-8"?><?xml-stylesheet type="text/xsl" href="static/style.xsl"?><OAI-PMH xmlns="http://www.openarchives.org/OAI/2.0/" xmlns:xsi="http://www.w3.org/2001/XMLSchema-instance" xsi:schemaLocation="http://www.openarchives.org/OAI/2.0/ http://www.openarchives.org/OAI/2.0/OAI-PMH.xsd"><responseDate>2026-04-13T05:56:16Z</responseDate><request verb="GetRecord" identifier="oai:www.recercat.cat:2072/482657" metadataPrefix="marc">https://recercat.cat/oai/request</request><GetRecord><record><header><identifier>oai:recercat.cat:2072/482657</identifier><datestamp>2025-08-31T17:54:58Z</datestamp><setSpec>com_2072_98</setSpec><setSpec>col_2072_378192</setSpec></header><metadata><record xmlns="http://www.loc.gov/MARC21/slim" xmlns:dcterms="http://purl.org/dc/terms/" xmlns:xsi="http://www.w3.org/2001/XMLSchema-instance" xmlns:doc="http://www.lyncode.com/xoai" xsi:schemaLocation="http://www.loc.gov/MARC21/slim http://www.loc.gov/standards/marcxml/schema/MARC21slim.xsd">
   <leader>00925njm 22002777a 4500</leader>
   <datafield ind2=" " ind1=" " tag="042">
      <subfield code="a">dc</subfield>
   </datafield>
   <datafield ind2=" " ind1=" " tag="720">
      <subfield code="a">Carrasquer, Pilar</subfield>
      <subfield code="e">author</subfield>
   </datafield>
   <datafield ind2=" " ind1=" " tag="720">
      <subfield code="a">Zawadsky Martínez-Portillo, José Eduardo</subfield>
      <subfield code="e">author</subfield>
   </datafield>
   <datafield ind2=" " ind1=" " tag="720">
      <subfield code="a">Universitat Autònoma de Barcelona. Centre d'Estudis Sociològics sobre la Vida Quotidiana i el Treball - QUIT</subfield>
      <subfield code="e">author</subfield>
   </datafield>
   <datafield ind2=" " ind1=" " tag="260">
      <subfield code="c">2023</subfield>
   </datafield>
   <datafield ind2=" " ind1=" " tag="520">
      <subfield code="a">Los estudios sobre movilidad ocupacional han constatado las barreras de la progresión laboral femenina hacia puestos de responsabilidad. Pero los análisis han prestado menos atención al fenómeno del suelo pegajoso como rasgo típico del empleo y de las trayectorias laborales femeninas. El estudio del suelo pegajoso suele centrarse en las barreras organizativas y culturales que limitan dichas trayectorias, en particular, en empleos de rutina feminizados, como los administrativos. Aquí se explora el carácter estructural de dicho fenómeno, vinculándolo a la segregación ocupacional horizontal y vertical. A través de los datos de la Muestra Continua de Vidas Laborales (MCVL), se contrasta la magnitud potencial del suelo pegajoso en el empleo masculino y femenino y su posible impacto en la movilidad ocupacional de mujeres y hombres, entre 2007 y 2019, en España.</subfield>
   </datafield>
   <datafield ind2=" " ind1=" " tag="520">
      <subfield code="a">Studies on occupational mobility have identified barriers to female career progression to positions of responsi-bility. Nevertheless, analyses have paid less attention to the phenomenon of sticky floor as a typical feature of female employment and career paths. The study of sticky floor tends to focus on the organizational and cultural barriers that limit women's employment trajec-tories, particularly in feminized routine jobs, such as ad-ministrative ones. Here, we explore the structural nature of this phenomenon, linking it to horizontal and vertical occupational segregation. Through the data of the Con-tinuous Sample of Working Lives (MCVL, in Spanish), the potential magnitude of the sticky floor in male and female employment and its impact on the occupational mobility of women and men, between 2007 and 2019, in Spain are contrasted</subfield>
   </datafield>
   <datafield tag="653" ind2=" " ind1=" ">
      <subfield code="a">Género</subfield>
   </datafield>
   <datafield tag="653" ind2=" " ind1=" ">
      <subfield code="a">Trabajo</subfield>
   </datafield>
   <datafield tag="653" ind2=" " ind1=" ">
      <subfield code="a">Empleo</subfield>
   </datafield>
   <datafield tag="653" ind2=" " ind1=" ">
      <subfield code="a">Desigualdad</subfield>
   </datafield>
   <datafield tag="653" ind2=" " ind1=" ">
      <subfield code="a">Muestra Continua de Vidas Laborales</subfield>
   </datafield>
   <datafield tag="653" ind2=" " ind1=" ">
      <subfield code="a">MCVL</subfield>
   </datafield>
   <datafield tag="653" ind2=" " ind1=" ">
      <subfield code="a">Gender</subfield>
   </datafield>
   <datafield tag="653" ind2=" " ind1=" ">
      <subfield code="a">Work</subfield>
   </datafield>
   <datafield tag="653" ind2=" " ind1=" ">
      <subfield code="a">Employment</subfield>
   </datafield>
   <datafield tag="653" ind2=" " ind1=" ">
      <subfield code="a">Inequality</subfield>
   </datafield>
   <datafield ind2="0" ind1="0" tag="245">
      <subfield code="a">El suelo pegajoso y la movilidad ocupacional de las mujeres y los hombres en España</subfield>
   </datafield>
</record></metadata></record></GetRecord></OAI-PMH>